| 000 | 00805nam a2200253Ia 4500 | ||
|---|---|---|---|
| 003 | OSt | ||
| 005 | 20220930184856.0 | ||
| 006 | a|||||r|||| 00| 0 | ||
| 007 | ta | ||
| 008 | 220926b |||||||| |||| 00| 0 eng d | ||
| 020 | _c4777.60 | ||
| 024 | _a1298 | ||
| 037 |
_b0031, 22/12/2008, Independent Publishers Group _cTextbook |
||
| 040 |
_aCRL _cCRL _beng |
||
| 041 |
_2eng _aeng |
||
| 082 | _aO111,3:g(Y7), P8 | ||
| 100 |
_aDoyle Laura _9239788 |
||
| 245 | 0 | _aFreedom's empireRace and the rise of the novel in Atlantic modernity 1640-1940 | |
| 260 |
_aDurham _bDuke University Press _c2008 |
||
| 300 |
_axii,578p. _ccm. |
||
| 650 | _aLITERATURE | ||
| 942 |
_hO111,3:g(Y7), P8 _cTB _2CC |
||
| 999 |
_c889179 _d889179 |
||